Aj známa a dlhotrvajúca značka sa môže stať bezcennou

Rozšírenie pôvodnej rozlišovacej funkcie značky. Vznik, vývoj a zhodnotenie súčasnej pozície niektorých vybraných značiek: Starbucks, Kodak, Manner.

Guardado en:
Detalles Bibliográficos
Autor principal: Kardoš, Peter
Otros Autores: Jakubec, Miroslav
Formato: Capítulo de libro
Lenguaje:eslovaco
Materias:
Etiquetas: Agregar Etiqueta
Sin Etiquetas, Sea el primero en etiquetar este registro!

MARC

LEADER 00000naa a2200000 4500
001 0160913
005 20240502072807.7
041 0 |a slo 
044 |a SK 
245 1 0 |a Aj známa a dlhotrvajúca značka sa môže stať bezcennou  |c Peter Kardoš, Miroslav Jakubec 
520 |a Rozšírenie pôvodnej rozlišovacej funkcie značky. Vznik, vývoj a zhodnotenie súčasnej pozície niektorých vybraných značiek: Starbucks, Kodak, Manner. 
610 2 0 |a značky výrobkov 
610 2 0 |a značky výrobné 
610 2 0 |a kvalita výrobkov 
610 2 0 |a káva 
610 2 0 |a kaviarne 
610 2 0 |a fototechnika 
610 2 0 |a potraviny 
610 2 0 |a čokoláda 
100 1 |a Kardoš, Peter 
700 1 |a Jakubec, Miroslav